Bilecik Bilecik Bilecik Bilecik Bilecik

Artuklu Haber (Record no. 75729)

MARC details
000 -BAŞLIK
Sabit Uzunluktaki Kontrol Alanı 00621nas a2200265 a 4500
001 - KONTROL NUMARASI
Control Dosyası S5449
003 - KONTROL NUMARASI KİMLİĞİ
Kontrol Alanı KOHA_MİRAKIL
005 - EN SON İŞLEM TARİHİ ve ZAMANI
Kontrol Alanı 20260206234657.0
022 ## - ISSN - ULUSLARARASI STANDART SERİ NUMARASI
issn 13095161
040 ## - KATALOGLAMA KAYNAĞI
Kataloglama Dili tur
Açıklama Kuralları rda
Çeviri Kurumu
041 0# - DİL KODU
Metin ya da ses kaydının dil kodu tur
044 ## - YAYINLAYAN/ÜRETEN KURULUŞUN ÜLKE KODU
ISO country code tu
050 00 - SINIFLAMA ve YER NUMARASI
Sınıflama Numarası S5449
245 0# - ESER ADI BİLDİRİMİ
Başlık Artuklu Haber
264 #1 - ÜRERİM, YAYIN, DAĞITIM ve TELİF BİLDİRİMİ
Yayın yeri Mardin :
Yayınlayan Mardin Artuklu Üniversitesi
300 ## - FİZİKSEL TANIMLAMA
Sayfa, Cilt vb. c.
310 ## - CURRENT PUBLICATION FREQUENCY
Current publication frequency ,
Date of current publication frequency
336 ## - İÇERİK TÜRÜ
Content type term metin
Content type code txt
Source rdacontent
337 ## - MEDYA TÜRÜ
Media type term aracısız
Media type code n
Source rdamedia
338 ## - TAŞIYICI TÜRÜ
Carrier type term cilt
Carrier type code nc
Source rdacarrier
500 ## - GENEL NOT
Genel Not Düşük düzeyde katalog kaydı. Çalisma devam ediyor.
856 40 - ELEKTRONİK YER ve ERİŞİM
Kaynak Tanımlayıcı (URL) <a href=""></a>
907 ## - LOCAL DATA ELEMENT G, LDG (RLIN)
a Bülten
942 ## - EK GİRİŞ ÖGELERİ (KOHA)
Source of classification or shelving scheme Library of Congress Classification
Koha item type Periodicals
Holdings
Materyal Türü Kalıcı Konum Mevcut Konum Raf Yeri Koleksiyon Kodu Cilt Bilgisi Demirbaş Numarası Geri Çekilme Durumu Kayıp Durumu Hasarlı Durumu Kredi için değil Toplam Ödünçverme
Periodicals Prof. Dr. Azmi Özcan Kütüphanesi Prof. Dr. Azmi Özcan Kütüphanesi Arşiv Sayılar Rafı (II) Genel C., S.11 (2007) SY0011467       Ödünç verilmez  
Periodicals Prof. Dr. Azmi Özcan Kütüphanesi Prof. Dr. Azmi Özcan Kütüphanesi Arşiv Sayılar Rafı (II) Genel C., S.14 (2011) SY0012772       Ödünç verilmez  
Periodicals Prof. Dr. Azmi Özcan Kütüphanesi Prof. Dr. Azmi Özcan Kütüphanesi Arşiv Sayılar Rafı (II) Genel C., S.10 (2006) SY0016546       Ödünç verilmez  
Periodicals Prof. Dr. Azmi Özcan Kütüphanesi Prof. Dr. Azmi Özcan Kütüphanesi Arşiv Sayılar Rafı (II) Genel C., S.8 (2005) SY0016547       Ödünç verilmez  
Periodicals Prof. Dr. Azmi Özcan Kütüphanesi Prof. Dr. Azmi Özcan Kütüphanesi Arşiv Sayılar Rafı (II) Genel C., S.09 (2005) SY0016548       Ödünç verilmez  
Periodicals Prof. Dr. Azmi Özcan Kütüphanesi Prof. Dr. Azmi Özcan Kütüphanesi Arşiv Sayılar Rafı (II) Genel C., S.12 (2008) SY0017164       Ödünç verilmez